| 000 | 01930cam a22004574i 4500 | ||
|---|---|---|---|
| 003 | PE-LiUPU | ||
| 005 | 20250731172937.0 | ||
| 008 | 150623s r 000 0 d | ||
| 020 | _a0802844340 | ||
| 035 | _a(Sirsi) i9780802844347 | ||
| 040 |
_aPE-LiUPU _bspa _cPE-LiUPU _erda |
||
| 049 | _aPRUA | ||
| 082 | 0 | 4 |
_a261.836 28 _bB33 _221 |
| 100 | 1 |
_aBeisner, E. Calvin, _eautor. |
|
| 245 | 1 | 0 |
_aWhere garden meets wilderness : _bevangelical entry into the environmental debate / _cE. Calvin Beisner; introducción de John Michael Beers. |
| 264 | 1 |
_aMichigan : _bWilliam B. Eerdmans Publishing Company, _c1997. |
|
| 300 |
_a256 páginas ; _c23 centímetros |
||
| 336 |
_atext _2rdacontent |
||
| 337 |
_aunmediated _2rdamedia |
||
| 338 |
_avolume _2rdacarrier |
||
| 504 | _aIncluye bibliografía. | ||
| 505 | 0 | _aThe rise of Evangelical environmentalism. -Evangelical environmental world view and theology: strengths and weaknesses. -The hazards of developing an ethic of environmental stewardship. -The use of scripture by evangeligal environmentalists. -The problem of environmental misinformation. -Observations on the mind of the evangelical environmental movement. -Imago Dei and the population debate. -Apendix. -Index. | |
| 526 | _aSEG42 | ||
| 526 | _aSEG41 | ||
| 526 | _aSEG40 | ||
| 526 | _aSEG39 | ||
| 526 | _aP94 | ||
| 526 | _aP87 | ||
| 526 | _aP86 | ||
| 526 | _aP85 | ||
| 526 | _aP77 | ||
| 526 | _aP76 | ||
| 526 | _aP35 | ||
| 650 | 0 | 4 |
_aEcología humana _xCristianismo. |
| 942 |
_2ddc _cBOOK |
||
| 949 |
_a261.836 28 B33 _wDEWEY _c1 _i44434 _lCCODEBUL1 _mBUL _r0 _sY _tBOOK _u2015-6-24 _xTEOLOGIA _PP35 _0COMPRA _o.STAFF. Colección General |
||
| 994 |
_aC0 _bPEPRU |
||
| 596 | _a1 | ||
| 999 |
_a261.836 28 B33 _wDEWEY _c21310 _i44434 _f2021-11-10 _g5 _lCCODEBUL1 _mBUL _r0 _sY _tBOOK _u2015-6-24 _xTEOLOGIA _PP35 _0COMPRA _o.STAFF. Colección General _d21310 |
||
| 980 |
_81 _gALBERTO SANCHEZ Responsable de Automatización |
||